[Event "EU-ch U18 Girls 24th"]
[Site "Batumi"]
[Date "2014.10.26"]
[Round "7"]
[White "Machlik, Edit"]
[Black "Kakutia, Ada"]
[Result "1-0"]
[WhiteElo "1997"]
[BlackElo "1747"]
[PlyCount "79"]
[EventDate "2014.10.19"]
[EventType "swiss"]
[EventRounds "9"]
[EventCountry "GEO"]
[SourceTitle "EXT 2015"]
[Source "ChessBase"]
[SourceDate "2014.11.20"]
[SourceVersion "1"]
[SourceVersionDate "2014.11.20"]
[SourceQuality "1"]

1. d4 Nf6 2. c4 g6 3. Nc3 Bg7 4. e4 d6 5. f4 e5 6. dxe5 dxe5 7. Qxd8+ Kxd8 8. fxe5 Nfd7 9. Bg5+ Ke8 10. Nd5 Bxe5 11. Nf3 Bd6 12. c5 Nxc5 13. e5 Be6 14. Nf6+ Kf8 15. exd6 cxd6 16. Bd2 Ke7 17. Bc3 Nc6 18. Ng5 Na4 19. Nfe4 Nxc3 20. Nxc3 Rac8 21. Kd2 a6 22. Re1 Ne5 23. Bd3 b5 24. a3 Rc7 25. Rc1 Rhc8 26. Rhe1 h6 27. Nf3 Nxd3 28. Kxd3 Kf8 29. Nd4 Bc4+ 30. Kd2 f5 31. Ne6+ Bxe6 32. Rxe6 a5 33. Rxg6 b4 34. axb4 axb4 35. Ne2 b3 36. Rxc7 Rxc7 37. Nd4 Rc4 38. Nxb3 Rh4 39. h3 d5 40. Rf6+ 1-0

[Event "Poti Aleksandria Cup 7th"]
[Site "Poti"]
[Date "2012.07.14"]
[Round "1"]
[White "Zarkua, Davit"]
[Black "Kakutia, Ada"]
[Result "1-0"]
[WhiteElo "2466"]
[BlackElo "1821"]
[PlyCount "65"]
[EventDate "2012.07.14"]
[EventType "swiss"]
[EventRounds "9"]
[EventCountry "GEO"]
[SourceTitle "CBM 149 Extra"]
[Source "ChessBase"]
[SourceDate "2012.08.24"]
[SourceVersion "1"]
[SourceVersionDate "2012.08.24"]
[SourceQuality "1"]

1. Nf3 Nf6 2. c4 e6 3. g3 b6 4. Bg2 Bb7 5. 0-0 Be7 6. d4 0-0 7. Nc3 c5 8. d5 exd5 9. Nh4 d6 10. Nf5 Nc6 11. cxd5 Ne5 12. Bf4 Ng6 13. Bg5 h6 14. Bd2 Re8 15. Nxe7+ Qxe7 16. Re1 Qd7 17. a4 Ne5 18. Qb3 Ba6 19. Nb5 Re7 20. f4 Ng6 21. e4 Ree8 22. Bc3 Bxb5 23. axb5 Qc7 24. e5 Nd7 25. e6 Nf6 26. f5 Ne7 27. Bxf6 gxf6 28. Qf3 Rf8 29. Qh5 c4 30. Re4 Nxd5 31. Rg4+ Kh7 32. Rh4 Qc5+ 33. Kh1 1-0

[Event "Poti Aleksandria Cup"]
[Site "Poti"]
[Date "2011.07.11"]
[Round "1"]
[White "Purtseladze, Maka"]
[Black "Kakutia, Ada"]
[Result "1-0"]
[WhiteElo "2364"]
[BlackElo "1807"]
[PlyCount "89"]
[EventDate "2011.07.11"]
[EventType "swiss"]
[EventRounds "9"]
[EventCountry "GEO"]
[SourceTitle "CBM 143 Extra"]
[Source "ChessBase"]
[SourceDate "2011.08.29"]
[SourceVersion "1"]
[SourceVersionDate "2011.08.29"]
[SourceQuality "1"]

1. d4 Nf6 2. c4 e6 3. Nc3 Bb4 4. Qc2 0-0 5. a3 Bxc3+ 6. Qxc3 d5 7. Bg5 Nbd7 8. cxd5 exd5 9. e3 c6 10. Bd3 Qb6 11. Qc2 h6 12. Bh4 Re8 13. Ne2 a5 14. 0-0 Ne4 15. f3 Nd6 16. Bf2 f5 17. Bg3 c5 18. Nc3 Qc6 19. Bxd6 Qxd6 20. Nxd5 Kh8 21. e4 b6 22. Bb5 Bb7 23. Bxd7 Qxd7 24. Nxb6 Qxd4+ 25. Kh1 fxe4 26. Nxa8 exf3 27. gxf3 Bxa8 28. Rad1 Qf4 29. Qf2 Rf8 30. Rd3 Qf5 31. Rc3 Qh3 32. Qg2 Qf5 33. Qg3 Bb7 34. Kg1 Ba6 35. Re1 Rd8 36. Qg4 Qf8 37. Rce3 Bc8 38. Qg6 Bf5 39. Qc6 Bd7 40. Qc7 Kh7 41. Rd1 Qf6 42. Rxd7 Qg5+ 43. Kf2 Qh4+ 44. Ke2 Qc4+ 45. Kd2 1-0

[Event "EU-ch U14 Girls"]
[Site "Batumi"]
[Date "2010.09.27"]
[Round "8"]
[White "Milutinovic, Stefana"]
[Black "Kakutia, Ada"]
[Result "1/2-1/2"]
[WhiteElo "1859"]
[BlackElo "1733"]
[PlyCount "80"]
[EventDate "2010.09.20"]
[EventType "swiss"]
[EventRounds "9"]
[EventCountry "GEO"]
[SourceTitle "CBM 138 Extra"]
[Source "ChessBase"]
[SourceDate "2010.10.29"]
[SourceVersion "1"]
[SourceVersionDate "2010.10.29"]
[SourceQuality "1"]

1. d4 Nf6 2. c4 e6 3. Nf3 b6 4. g3 Bb7 5. Bg2 Be7 6. 0-0 0-0 7. Nc3 d5 8. Ne5 Ne4 9. cxd5 Nxc3 10. bxc3 exd5 11. c4 c6 12. cxd5 cxd5 13. Qb3 Na6 14. Bd2 Qd6 15. Rac1 Rfd8 16. Bh3 f6 17. Nd3 Qa3 18. Be6+ Kh8 19. Qb1 Bc8 20. Nf4 Bxe6 21. Nxe6 Rdc8 22. Nf4 Qd6 23. Qf5 Nc7 24. Rc2 g6 25. Nxg6+ hxg6 26. Qh3+ Kg8 27. Bf4 Qe6 28. Qh6 Ne8 29. Qxg6+ Ng7 30. Rfc1 Rxc2 31. Rxc2 Qf5 32. Qxf5 Nxf5 33. Rc7 Bd8 34. Rd7 Nxd4 35. e3 Ne2+ 36. Kf1 Nc3 37. a3 b5 38. h4 a5 39. Rb7 Kf8 40. Bd6+ Kg8 1/2-1/2

[Event "EU-ch U14 Girls"]
[Site "Batumi"]
[Date "2010.09.22"]
[Round "3"]
[White "Kakutia, Ada"]
[Black "Navrotescu, Andreea Cristiana"]
[Result "0-1"]
[WhiteElo "1733"]
[BlackElo "1910"]
[PlyCount "88"]
[EventDate "2010.09.20"]
[EventType "swiss"]
[EventRounds "9"]
[EventCountry "GEO"]
[SourceTitle "CBM 138 Extra"]
[Source "ChessBase"]
[SourceDate "2010.10.29"]
[SourceVersion "1"]
[SourceVersionDate "2010.10.29"]
[SourceQuality "1"]

1. e4 c5 2. c3 d5 3. exd5 Qxd5 4. d4 Nf6 5. Nf3 Bg4 6. Be2 e6 7. 0-0 Nc6 8. Be3 cxd4 9. cxd4 Be7 10. Nc3 Qd6 11. h3 Bh5 12. Qb3 0-0 13. Rfd1 Rfd8 14. a3 a6 15. Rac1 Rab8 16. Na4 Nd5 17. Nc3 Nxc3 18. Rxc3 Bf6 19. Rcd3 Ne7 20. R3d2 Nd5 21. g4 Bg6 22. Ne5 Bxe5 23. dxe5 Qxe5 24. Ba7 Rbc8 25. Bf3 Qc7 26. Bxd5 Bc2 27. Rxc2 Qxc2 28. Qxc2 Rxc2 29. Bf3 Rxd1+ 30. Bxd1 Rc1 31. Kg2 Rxd1 32. Be3 Kf8 33. Kh2 Ke7 34. Kg2 Kd6 35. Kf3 Kd5 36. Kg2 Kc4 37. Bf4 f6 38. g5 Kb3 39. gxf6 gxf6 40. Bh6 Kxb2 41. Bf8 a5 42. Bc5 b5 43. Be7 Rd3 44. Bxf6+ Kxa3 0-1

[Event "EU-ch U14 Girls"]
[Site "Batumi"]
[Date "2010.09.20"]
[Round "1"]
[White "Kakutia, Ada"]
[Black "Stoeri, Laura"]
[Result "1/2-1/2"]
[WhiteElo "1733"]
[BlackElo "1938"]
[PlyCount "162"]
[EventDate "2010.09.20"]
[EventType "swiss"]
[EventRounds "9"]
[EventCountry "GEO"]
[SourceTitle "CBM 138 Extra"]
[Source "ChessBase"]
[SourceDate "2010.10.29"]
[SourceVersion "1"]
[SourceVersionDate "2010.10.29"]
[SourceQuality "1"]

1. e4 e5 2. Nc3 Nc6 3. Nf3 Nf6 4. d4 exd4 5. Nxd4 Bb4 6. Nxc6 bxc6 7. Bd3 d5 8. exd5 cxd5 9. 0-0 0-0 10. Bg5 c6 11. h3 Bd6 12. Re1 h6 13. Bd2 Rb8 14. Qc1 Bc7 15. Ne2 Nh5 16. Nd4 Qd6 17. Nf3 c5 18. c4 d4 19. Be4 Nf6 20. Bd3 Bb7 21. Ne5 Nh5 22. f4 Rfe8 23. Qd1 f6 24. Qxh5 fxe5 25. fxe5 Rxe5 26. Rxe5 Qxe5 27. Qxe5 Bxe5 28. Re1 Bf6 29. Bf4 Rd8 30. Re6 Kf7 31. Re1 Bc8 32. b3 Be6 33. Kf1 Rc8 34. Be4 Rd8 35. Bd3 Rd7 36. Kg1 g5 37. Bg3 a5 38. Rf1 Ke7 39. Re1 Kf7 40. Rf1 Kg7 41. Re1 Bf7 42. Bf5 Re7 43. Rxe7 Bxe7 44. Bc7 a4 45. Bd3 axb3 46. axb3 Kf6 47. Kf2 Ke6 48. Be4 Kd7 49. Be5 Bd6 50. Bg7 h5 51. Bh6 Be7 52. Bg7 Kc7 53. Ke2 Kb6 54. Kd3 Ka5 55. Kc2 h4 56. Be5 Bh5 57. Bd3 Kb4 58. g4 hxg3 59. Bxg3 Bf3 60. Be5 Bg2 61. Bf5 Bf1 62. Bg3 Ka5 63. Be1+ Kb6 64. Bg3 Kc6 65. Be4+ Kd7 66. Bf5+ Ke8 67. Be5 Kf7 68. Kd2 Bd8 69. Kc2 Ba5 70. Kb2 d3 71. Bc3 Bb4 72. Bxb4 cxb4 73. Kc1 Kf6 74. Bg4 Ke5 75. Kd2 Kd4 76. Bd7 Ke4 77. Be6 Ke5 78. Bd7 Be2 79. Bc6 Kf4 80. Bd7 Bf1 81. Be6 Ke5 1/2-1/2